[Event "ROM-ch sf"]
[Site "Tusnad"]
[Date "2000.??.??"]
[Round "1"]
[White "Florescu, Codrut-Constantin"]
[Black "Barzanu, Iulian"]
[Result "1-0"]
[WhiteElo "2381"]
[BlackElo "2136"]
[PlyCount "65"]
[EventDate "2000.05.??"]
[EventType "swiss"]
[EventRounds "10"]
[EventCountry "ROM"]
[Source "ChessBase"]
[SourceDate "2000.11.22"]

1. e4 c5 2. Nf3 d6 3. Nc3 Nc6 4. d4 cxd4 5. Nxd4 Nf6 6. Bc4 g6 7. Nxc6 bxc6 8.
e5 Ng4 9. Bf4 d5 10. Be2 h5 11. O-O Bg7 12. Qd4 Qb6 13. Qa4 O-O 14. Bxg4 Bxg4
15. b3 Rfd8 16. Rae1 c5 17. Bg5 d4 18. Ne4 Bxe5 19. f4 Bf6 20. f5 Bxg5 21. Nxg5
Bxf5 22. Qc4 Qf6 23. Ne4 Qe6 24. Qd3 Bxe4 25. Rxe4 Qd6 26. Rfe1 e6 27. Rxe6
fxe6 28. Qxg6+ Kh8 29. Qh6+ Kg8 30. Rxe6 Qxe6 31. Qxe6+ Kh8 32. Qh6+ Kg8 33.
Qg5+ 1-0

[Event "ROM-ch sf"]
[Site "Tusnad"]
[Date "2000.??.??"]
[Round "3"]
[White "Florescu, Codrut-Constantin"]
[Black "Smida, Iosif"]
[Result "1-0"]
[WhiteElo "2381"]
[BlackElo "2192"]
[PlyCount "87"]
[EventDate "2000.05.??"]
[EventType "swiss"]
[EventRounds "10"]
[EventCountry "ROM"]
[Source "ChessBase"]
[SourceDate "2000.11.22"]

1. e4 g6 2. d4 Bg7 3. Nc3 b6 4. Bg5 Bb7 5. Qd2 a5 6. f3 Na6 7. O-O-O c6 8. h4
h6 9. Be3 d6 10. g4 Nc7 11. Nge2 b5 12. h5 a4 13. hxg6 fxg6 14. Nf4 Kf7 15. Qh2
e6 16. e5 d5 17. Nxg6 b4 18. Nxh8+ Bxh8 19. Qh5+ Kf8 20. Ne2 b3 21. a3 bxc2 22.
Rd2 Qe8 23. Qxe8+ Rxe8 24. g5 Ne7 25. Ng3 c5 26. Rxc2 c4 27. gxh6 Nc6 28. f4
Nb5 29. Ne2 Re7 30. Bh3 Bc8 31. Rd2 Na5 32. Rdd1 Rb7 33. Rdg1 c3 34. Nxc3 Nb3+
35. Kd1 N5xd4 36. Rg3 Nf5 37. Bxf5 exf5 38. Nxa4 d4 39. Rhg1 Be6 40. Bd2 Nxd2
41. Kxd2 Rc7 42. b4 Ra7 43. Nc5 Bc4 44. e6 1-0

[Event "ROM-ch sf"]
[Site "Tusnad"]
[Date "2000.??.??"]
[Round "4"]
[White "Suciu, Dinu Simi"]
[Black "Florescu, Codrut-Constantin"]
[Result "1/2-1/2"]
[WhiteElo "2224"]
[BlackElo "2381"]
[PlyCount "85"]
[EventDate "2000.05.??"]
[EventType "swiss"]
[EventRounds "10"]
[EventCountry "ROM"]
[Source "ChessBase"]
[SourceDate "2000.11.22"]

1. e4 c5 2. Nf3 e6 3. d3 Nc6 4. g3 d5 5. Nbd2 Nge7 6. Bg2 g6 7. O-O Bg7 8. Re1
h6 9. h4 Qc7 10. c3 b6 11. Qe2 Ba6 12. e5 Rd8 13. Nf1 b5 14. d4 cxd4 15. cxd4
Qb6 16. Rd1 b4 17. Qd2 Nf5 18. g4 Nfxd4 19. Nxd4 Nxe5 20. Nc2 Nxg4 21. Nxb4 Bb7
22. Nd3 h5 23. Nh2 Nxh2 24. Kxh2 Rc8 25. Qe2 Rc4 26. f4 O-O 27. Ne5 Rc7 28. Be3
Qd6 29. Bd4 Rfc8 30. Qe3 Qe7 31. Kg3 Bf6 32. Nf3 Rc2 33. Rac1 Bxd4 34. Nxd4
Rxb2 35. Rxc8+ Bxc8 36. Qc3 Qb7 37. a4 Bd7 38. Bf3 Rb4 39. a5 Ra4 40. Qc5 Qb8
41. Qe7 Qc7 42. Rd2 Rc4 43. Rc2 1/2-1/2

[Event "ROM-ch sf"]
[Site "Tusnad"]
[Date "2000.??.??"]
[Round "6"]
[White "Toma Andreica, Alin"]
[Black "Florescu, Codrut-Constantin"]
[Result "1/2-1/2"]
[WhiteElo "2179"]
[BlackElo "2381"]
[PlyCount "78"]
[EventDate "2000.05.??"]
[EventType "swiss"]
[EventRounds "10"]
[EventCountry "ROM"]
[Source "ChessBase"]
[SourceDate "2000.11.22"]

1. e4 c5 2. Nf3 e6 3. c3 Nf6 4. d3 d5 5. Nbd2 Nc6 6. Be2 Be7 7. O-O Qc7 8. Re1
O-O 9. Qc2 Rb8 10. Nf1 b5 11. Ng3 Rd8 12. Bf1 Rb7 13. b3 h6 14. Bb2 Bd6 15. Qe2
e5 16. Nh4 d4 17. Nhf5 Bf8 18. cxd4 Nxd4 19. Bxd4 cxd4 20. Rec1 Qb6 21. a3 g6
22. Nh4 Be6 23. Qb2 h5 24. Nf3 Qd6 25. Rc2 Bh6 26. Nd2 Bxd2 27. Rxd2 Rc8 28.
Ne2 Rbc7 29. Rc1 Rxc1 30. Nxc1 Rc3 31. b4 Qa6 32. f4 Nd7 33. fxe5 Nxe5 34. Ne2
Nxd3 35. Qb1 Rb3 36. Qa1 Ne5 37. Qxd4 Nc6 38. Qc5 Qb6 39. Qxb6 axb6 1/2-1/2

[Event "ROM-ch sf"]
[Site "Tusnad"]
[Date "2000.??.??"]
[Round "7"]
[White "Florescu, Codrut-Constantin"]
[Black "Pessi, Emil George"]
[Result "0-1"]
[WhiteElo "2381"]
[BlackElo "2254"]
[PlyCount "80"]
[EventDate "2000.05.??"]
[EventType "swiss"]
[EventRounds "10"]
[EventCountry "ROM"]
[Source "ChessBase"]
[SourceDate "2000.11.22"]

1. d4 b6 2. e4 Bb7 3. Nc3 e6 4. a3 Be7 5. Be3 Nf6 6. f3 d6 7. Nh3 Nbd7 8. Be2
c5 9. d5 exd5 10. exd5 a6 11. a4 O-O 12. O-O b5 13. axb5 axb5 14. Rxa8 Qxa8 15.
Bxb5 Nb6 16. Bg5 Nbxd5 17. Nxd5 Bxd5 18. c4 Bc6 19. Bxc6 Qxc6 20. Re1 Re8 21.
Nf4 h6 22. Bxf6 Bxf6 23. Nd5 Bd4+ 24. Kh1 Rxe1+ 25. Qxe1 Qa4 26. Qf1 Bxb2 27.
h3 Qc2 28. Kh2 Qd2 29. f4 Bd4 30. Qb1 g6 31. Qf1 Kg7 32. Kg3 h5 33. Kh2 h4 34.
Kh1 f5 35. Kh2 Bf2 36. Qa1+ Qd4 37. Qxd4+ cxd4 38. Nb4 Be3 39. g3 g5 40. fxg5
Kg6 0-1

[Event "ROM-ch sf"]
[Site "Tusnad"]
[Date "2000.??.??"]
[Round "8"]
[White "Calotescu, Ana Cristina"]
[Black "Florescu, Codrut-Constantin"]
[Result "0-1"]
[WhiteElo "2176"]
[BlackElo "2381"]
[PlyCount "58"]
[EventDate "2000.05.??"]
[EventType "swiss"]
[EventRounds "10"]
[EventCountry "ROM"]
[Source "ChessBase"]
[SourceDate "2000.11.22"]

1. Nf3 d5 2. g3 Nf6 3. Bg2 e6 4. O-O Be7 5. d4 O-O 6. c4 c6 7. b3 Nbd7 8. Nc3
b6 9. Bb2 Bb7 10. Rc1 Rc8 11. Qd2 Bb4 12. Rfd1 Qe7 13. Qd3 Rfd8 14. cxd5 exd5
15. Nh4 g6 16. Rc2 Re8 17. e3 a5 18. Rdc1 Ra8 19. Nb1 Ne4 20. Nf3 a4 21. a3
axb3 22. Qxb3 Bd6 23. Nfd2 Nef6 24. Bh3 b5 25. Nf3 Nb6 26. Ne5 Nc4 27. Nd3 Ne4
28. Nc5 Bxc5 29. dxc5 Nxc5 0-1

[Event "ROM-ch sf"]
[Site "Tusnad"]
[Date "2000.??.??"]
[Round "9"]
[White "Florescu, Codrut-Constantin"]
[Black "Tudor, Alin Ciprian"]
[Result "1-0"]
[WhiteElo "2381"]
[BlackElo "2087"]
[PlyCount "77"]
[EventDate "2000.05.??"]
[EventType "swiss"]
[EventRounds "10"]
[EventCountry "ROM"]
[Source "ChessBase"]
[SourceDate "2000.11.22"]

1. e4 c6 2. d4 d5 3. Nc3 dxe4 4. Nxe4 Bf5 5. Ng3 Bg6 6. h4 h6 7. Nf3 Nd7 8. h5
Bh7 9. Bd3 Bxd3 10. Qxd3 Qc7 11. Bd2 Ngf6 12. O-O-O O-O-O 13. Qe2 e6 14. Ne5
Nb6 15. Ba5 Rd5 16. Bxb6 axb6 17. f4 Bd6 18. Rd3 Ra5 19. Kb1 Nd5 20. Rf3 Re8
21. Ne4 Ra4 22. c4 Nf6 23. Nxd6+ Qxd6 24. Nxf7 Qd7 25. b3 Ra5 26. Ne5 Qxd4 27.
Rd1 Qe4+ 28. Qxe4 Nxe4 29. g4 Rd8 30. Rxd8+ Kxd8 31. Rd3+ Ke8 32. Kb2 Ra8 33.
Rd7 Rd8 34. Rxg7 Rd2+ 35. Kc1 Rxa2 36. g5 Rh2 37. gxh6 Rxh5 38. h7 Nf6 39. Rg8+
1-0

[Event "ROM-ch sf"]
[Site "Tusnad"]
[Date "2000.??.??"]
[Round "10"]
[White "Florescu, Codrut-Constantin"]
[Black "Ionescu, Mihai"]
[Result "1-0"]
[WhiteElo "2381"]
[BlackElo "2331"]
[PlyCount "69"]
[EventDate "2000.05.??"]
[EventType "swiss"]
[EventRounds "10"]
[EventCountry "ROM"]
[Source "ChessBase"]
[SourceDate "2000.11.22"]

1. e4 e6 2. Nf3 d5 3. e5 c5 4. c3 d4 5. cxd4 cxd4 6. Bd3 Nc6 7. O-O Nge7 8. Na3
Ng6 9. Nc4 Be7 10. Be4 O-O 11. d3 f5 12. exf6 gxf6 13. Bh6 Rf7 14. Re1 e5 15.
Nfd2 Bf8 16. Bxf8 Kxf8 17. g3 Be6 18. a3 Rc8 19. Qf3 Qd7 20. Rac1 f5 21. Bxc6
Rxc6 22. Qe2 e4 23. dxe4 f4 24. Qd3 b5 25. Na5 Ne5 26. Qe2 Rxc1 27. Rxc1 f3 28.
Qf1 d3 29. Nab3 Bh3 30. Qe1 Be6 31. Nc5 Qd6 32. Qe3 Bc4 33. b3 Bxb3 34. Ndxb3
Qe6 35. Nd4 1-0

[Event "Bucharest IM"]
[Site "Bucharest"]
[Date "2000.??.??"]
[Round "1"]
[White "Babici, Roman"]
[Black "Florescu, Codrut-Constantin"]
[Result "0-1"]
[WhiteElo "2270"]
[BlackElo "2381"]
[PlyCount "70"]
[EventDate "2000.03.??"]
[EventType "tourn"]
[EventRounds "11"]
[EventCountry "ROM"]
[EventCategory "5"]
[Source "ChessBase"]
[SourceDate "2000.11.22"]

1. d4 Nf6 2. Nf3 d5 3. Bg5 Ne4 4. Bh4 Qd6 5. a3 Qh6 6. Nc3 c6 7. Bg3 Nxg3 8.
fxg3 Bf5 9. Qd2 Qxd2+ 10. Kxd2 Nd7 11. e3 g6 12. Bd3 Bh6 13. h3 Bxd3 14. cxd3
O-O 15. g4 Rae8 16. g5 Bg7 17. Rac1 e5 18. dxe5 Nxe5 19. b3 f6 20. gxf6 Nxf3+
21. gxf3 Rxf6 22. Rcf1 Bh6 23. f4 Rfe6 24. e4 dxe4 25. dxe4 Bg7 26. e5 g5 27.
fxg5 Rxe5 28. g6 Rd8+ 29. Kc2 Re3 30. gxh7+ Kxh7 31. Nd1 Re2+ 32. Kb1 Rd3 33.
Rf7 Rxb3+ 34. Kc1 Rxa3 35. Rxb7 Ra1+ 0-1

[Event "Bucharest IM"]
[Site "Bucharest"]
[Date "2000.??.??"]
[Round "2"]
[White "Florescu, Codrut-Constantin"]
[Black "Covlea, Vlad"]
[Result "1-0"]
[WhiteElo "2381"]
[BlackElo "2259"]
[PlyCount "65"]
[EventDate "2000.03.??"]
[EventType "tourn"]
[EventRounds "11"]
[EventCountry "ROM"]
[EventCategory "5"]
[Source "ChessBase"]
[SourceDate "2000.11.22"]

1. e4 d6 2. d4 Nf6 3. Nc3 c6 4. f4 Qa5 5. Bd3 e5 6. dxe5 dxe5 7. f5 b5 8. Bd2
b4 9. Nce2 Qb6 10. Ng3 h5 11. Qf3 Bc5 12. Nh3 Ba6 13. O-O-O Nbd7 14. Ng5 Bxd3
15. Qxd3 Qb5 16. Qb3 Rf8 17. Qf3 Rh8 18. Kb1 a5 19. Bc1 Nb6 20. h3 a4 21. Qd3
Nc4 22. Ne2 Ke7 23. b3 axb3 24. cxb3 Qa5 25. a4 Nb6 26. Qg3 Nfd7 27. Ne6 Nxa4
28. bxa4 Qxa4 29. Rxd7+ Ke8 30. Rd8+ Rxd8 31. Nxc5 Qb5 32. Qxe5+ Kf8 33. Bb2
1-0

[Event "Bucharest IM"]
[Site "Bucharest"]
[Date "2000.??.??"]
[Round "3"]
[White "Istrate, Bogdan"]
[Black "Florescu, Codrut-Constantin"]
[Result "1/2-1/2"]
[WhiteElo "2353"]
[BlackElo "2381"]
[PlyCount "25"]
[EventDate "2000.03.??"]
[EventType "tourn"]
[EventRounds "11"]
[EventCountry "ROM"]
[EventCategory "5"]
[Source "ChessBase"]
[SourceDate "2000.11.22"]

1. Nf3 d5 2. g3 c5 3. Bg2 Nc6 4. d4 e6 5. O-O Qb6 6. c4 cxd4 7. cxd5 exd5 8.
Nbd2 Be7 9. Nb3 Bf6 10. Bg5 Bxg5 11. Nxg5 Nge7 12. Qd2 Bf5 13. Nf3 1/2-1/2

[Event "Bucharest IM"]
[Site "Bucharest"]
[Date "2000.??.??"]
[Round "4"]
[White "Vasilescu, Lucian-Mihail"]
[Black "Florescu, Codrut-Constantin"]
[Result "0-1"]
[WhiteElo "2389"]
[BlackElo "2381"]
[PlyCount "84"]
[EventDate "2000.03.??"]
[EventType "tourn"]
[EventRounds "11"]
[EventCountry "ROM"]
[EventCategory "5"]
[Source "ChessBase"]
[SourceDate "2000.11.22"]

1. d4 Nf6 2. Nf3 e6 3. c4 b6 4. a3 Ba6 5. Nbd2 Bb7 6. e3 c5 7. Bd3 Be7 8. O-O
d6 9. b3 Nbd7 10. Bb2 cxd4 11. exd4 O-O 12. Qe2 Re8 13. Rad1 Bf8 14. Ne4 Nxe4
15. Bxe4 Bxe4 16. Qxe4 d5 17. Qe2 dxc4 18. bxc4 Qc7 19. Rc1 Rac8 20. Rfd1 Bd6
21. h3 Bf4 22. Rc3 Qb7 23. g3 Bd6 24. Qc2 Nf6 25. Qb3 Qc7 26. Kg2 Ne4 27. Re3
f5 28. Nd2 Nxd2 29. Rxd2 Qxc4 30. Qxc4 Rxc4 31. Rde2 Kf7 32. d5 Re4 33. Rxe4
fxe4 34. Rxe4 exd5 35. Ra4 Re7 36. Kf3 g6 37. Bc1 Ke6 38. Kg4 Rc7 39. Bf4 Bxf4
40. gxf4 a5 41. Rd4 Rc3 42. Rd2 a4 0-1

[Event "Bucharest IM"]
[Site "Bucharest"]
[Date "2000.??.??"]
[Round "5"]
[White "Florescu, Codrut-Constantin"]
[Black "Petrenko, Svetlana"]
[Result "0-1"]
[WhiteElo "2381"]
[BlackElo "2348"]
[PlyCount "96"]
[EventDate "2000.03.??"]
[EventType "tourn"]
[EventRounds "11"]
[EventCountry "ROM"]
[EventCategory "5"]
[Source "ChessBase"]
[SourceDate "2000.11.22"]

1. d4 Nf6 2. c4 g6 3. Nc3 d5 4. cxd5 Nxd5 5. e4 Nxc3 6. bxc3 Bg7 7. Bb5+ c6 8.
Ba4 b5 9. Bb3 a5 10. Qf3 O-O 11. Ne2 a4 12. Bc2 e5 13. O-O Nd7 14. Qg3 Qc7 15.
Ba3 Re8 16. Rad1 Ba6 17. Rfe1 c5 18. dxc5 Nxc5 19. Rd5 Ne6 20. Bb4 Bb7 21. Rdd1
Rad8 22. Qe3 Qc6 23. f3 Bf6 24. Rxd8 Bxd8 25. Qc1 Bf6 26. Kh1 Qc4 27. Qb1 Rd8
28. Ng1 Nf4 29. Rd1 Bc6 30. Rxd8+ Bxd8 31. g3 Nh5 32. Bd3 Qe6 33. Qc2 Qd7 34.
Kg2 Bb6 35. Ne2 Ng7 36. c4 Ne6 37. Qc3 h5 38. h4 Kh7 39. a3 f6 40. Qc2 g5 41.
cxb5 Bb7 42. Bc4 Nd4 43. Qd3 Bc8 44. Ng1 gxh4 45. gxh4 Qg7+ 46. Kh2 Nf5 47.
exf5 Qxg1+ 48. Kh3 Bf2 0-1

[Event "Bucharest IM"]
[Site "Bucharest"]
[Date "2000.??.??"]
[Round "6"]
[White "Carnic, Srdjan"]
[Black "Florescu, Codrut-Constantin"]
[Result "1-0"]
[WhiteElo "2388"]
[BlackElo "2381"]
[PlyCount "92"]
[EventDate "2000.03.??"]
[EventType "tourn"]
[EventRounds "11"]
[EventCountry "ROM"]
[EventCategory "5"]
[Source "ChessBase"]
[SourceDate "2000.11.22"]

1. d4 Nf6 2. Nf3 b6 3. c4 e6 4. e3 Bb7 5. Bd3 d5 6. Nc3 Bd6 7. O-O O-O 8. b3
Nbd7 9. Bb2 Ne4 10. Qe2 a6 11. Rfd1 f5 12. Ne5 Nxe5 13. dxe5 Bxe5 14. Nxe4 Bxb2
15. Qxb2 fxe4 16. Bxe4 Qg5 17. f4 Qf6 18. Qxf6 gxf6 19. cxd5 Rfd8 20. Rac1 Rd7
21. Bf3 exd5 22. e4 d4 23. Bg4 Re7 24. Rxd4 Bxe4 25. Rxe4 Rxe4 26. Bf3 Rae8 27.
Bxe4 Rxe4 28. Rxc7 Rxf4 29. Rc6 Rb4 30. Rxf6 a5 31. g3 Rd4 32. Rxb6 Rd1+ 33.
Kf2 Rd2+ 34. Ke3 Rxa2 35. h4 a4 36. b4 Ra3+ 37. Kd4 Rxg3 38. b5 Rg4+ 39. Kc5
Rxh4 40. Ra6 Rh5+ 41. Kc6 Rh6+ 42. Kc7 Kg7 43. b6 Rh4 44. b7 Rc4+ 45. Rc6 Rb4
46. Rb6 Rc4+ 1-0

[Event "Bucharest IM"]
[Site "Bucharest"]
[Date "2000.??.??"]
[Round "7"]
[White "Florescu, Codrut-Constantin"]
[Black "Burnoiu, Nicolae Costel"]
[Result "1/2-1/2"]
[WhiteElo "2381"]
[BlackElo "2353"]
[PlyCount "93"]
[EventDate "2000.03.??"]
[EventType "tourn"]
[EventRounds "11"]
[EventCountry "ROM"]
[EventCategory "5"]
[Source "ChessBase"]
[SourceDate "2000.11.22"]

1. e4 c5 2. Nf3 d6 3. d4 Nf6 4. Nc3 cxd4 5. Nxd4 a6 6. Bc4 e6 7. Bb3 Nc6 8. Be3
Qc7 9. Qe2 Be7 10. O-O-O Na5 11. g4 Nxb3+ 12. axb3 d5 13. exd5 Nxd5 14. Nxd5
exd5 15. Bg5 f6 16. Bd2 Qe5 17. Rhe1 Qxe2 18. Rxe2 Kf7 19. h3 h5 20. Nf5 Bxf5
21. gxf5 Bc5 22. Be3 Bxe3+ 23. Rxe3 Rad8 24. Red3 Rhe8 25. Rxd5 Rxd5 26. Rxd5
Re5 27. Rd7+ Kf8 28. Rxb7 Rxf5 29. c4 Rxf2 30. c5 Rf5 31. b4 a5 32. c6 axb4 33.
c7 Rc5+ 34. Kd2 Ke8 35. c8=Q+ Rxc8 36. Rxg7 Rc4 37. Rb7 Rh4 38. Ke2 Kd8 39. Kf2
Kc8 40. Rb5 Kd7 41. Kg3 Rd4 42. Rxh5 Rd2 43. Rf5 Rxb2 44. Rxf6 b3 45. Rb6 Rb1
46. Kh4 b2 47. Kh5 1/2-1/2

[Event "Bucharest IM"]
[Site "Bucharest"]
[Date "2000.??.??"]
[Round "9"]
[White "Florescu, Codrut-Constantin"]
[Black "Slovineanu, Viacheslav"]
[Result "0-1"]
[WhiteElo "2381"]
[BlackElo "2425"]
[PlyCount "80"]
[EventDate "2000.03.??"]
[EventType "tourn"]
[EventRounds "11"]
[EventCountry "ROM"]
[EventCategory "5"]
[Source "ChessBase"]
[SourceDate "2000.11.22"]

1. e4 c6 2. d4 d5 3. Nc3 g6 4. e5 h5 5. h3 Bg7 6. Nf3 Nh6 7. Be2 b6 8. O-O Qd7
9. Re1 e6 10. Bg5 Ba6 11. a4 Bxe2 12. Nxe2 Ng8 13. b3 Bh6 14. a5 b5 15. Nf4
Bxg5 16. Nxg5 Nh6 17. h4 Nf5 18. g3 Na6 19. Qd2 c5 20. c4 dxc4 21. bxc4 Nxd4
22. cxb5 Qxb5 23. Qe3 Rd8 24. Rad1 Nb4 25. Rxd4 Rxd4 26. Qf3 Qd7 27. Ne4 Rxe4
28. Qxe4 O-O 29. Rc1 Rc8 30. Nxg6 fxg6 31. Qxg6+ Kh8 32. Qh6+ Qh7 33. Qxe6 Rf8
34. Qd6 Qf5 35. f4 Nd3 36. Rd1 c4 37. e6 Rg8 38. Kh2 Rxg3 39. Kxg3 Qg4+ 40. Kh2
Qe2+ 0-1

[Event "Bucharest IM"]
[Site "Bucharest"]
[Date "2000.??.??"]
[Round "10"]
[White "Vajda, Szidonia"]
[Black "Florescu, Codrut-Constantin"]
[Result "1-0"]
[WhiteElo "2382"]
[BlackElo "2381"]
[PlyCount "51"]
[EventDate "2000.03.??"]
[EventType "tourn"]
[EventRounds "11"]
[EventCountry "ROM"]
[EventCategory "5"]
[Source "ChessBase"]
[SourceDate "2000.11.22"]

1. e4 c5 2. Nf3 d6 3. d4 cxd4 4. Nxd4 Nf6 5. Nc3 e6 6. Be2 a6 7. O-O b5 8. Bf3
Ra7 9. a4 b4 10. Na2 e5 11. Nb3 Rb7 12. c3 bxc3 13. Nxc3 Be6 14. Nd5 Bxd5 15.
exd5 Qb6 16. Nd2 Qd4 17. Qc2 Kd8 18. Rd1 Qb6 19. Nc4 Qc7 20. Ra3 Nbd7 21. Rc3
Nc5 22. Nxe5 dxe5 23. d6 Qd7 24. Rxc5 e4 25. Bxe4 Rb4 26. Bg5 1-0

[Event "Bucharest IM"]
[Site "Bucharest"]
[Date "2000.??.??"]
[Round "11"]
[White "Florescu, Codrut-Constantin"]
[Black "Raceanu, Valentin"]
[Result "1-0"]
[WhiteElo "2381"]
[BlackElo "2295"]
[PlyCount "68"]
[EventDate "2000.03.??"]
[EventType "tourn"]
[EventRounds "11"]
[EventCountry "ROM"]
[EventCategory "5"]
[Source "ChessBase"]
[SourceDate "2000.11.22"]

1. e4 c5 2. Nf3 Nc6 3. d4 cxd4 4. Nxd4 Nf6 5. Nc3 d6 6. g3 e5 7. Nb3 Bg4 8. f3
Be6 9. Bg5 Be7 10. Qd2 O-O 11. O-O-O a5 12. Bxf6 Bxf6 13. Qxd6 Qc8 14. Bb5 a4
15. Nxa4 Bxb3 16. axb3 Nd4 17. Rxd4 exd4 18. Nb6 Qd8 19. Qxd8 Raxd8 20. Nd7 Ra8
21. Kd2 Rfd8 22. Nxf6+ gxf6 23. Bc4 Ra5 24. Kd3 b6 25. b4 Ra4 26. b5 Rc8 27. b3
Ra2 28. Re1 Kf8 29. f4 Ke7 30. Re2 Rd8 31. Rd2 Rd7 32. Bd5 f5 33. Kxd4 fxe4 34.
Kxe4 Ra5 1-0

[Event "Bucharest2"]
[Site "Bucharest"]
[Date "2000.??.??"]
[Round "2"]
[White "Florescu, Codrut-Constantin"]
[Black "Marin Ionescu, Irina Luiza"]
[Result "1-0"]
[WhiteElo "2381"]
[BlackElo "2187"]
[PlyCount "205"]
[EventDate "2000.??.??"]
[EventType "tourn"]
[EventRounds "11"]
[EventCountry "ROM"]
[EventCategory "2"]
[Source "ChessBase"]
[SourceDate "2001.11.25"]

1. e4 c5 2. Nf3 e6 3. d4 cxd4 4. Nxd4 a6 5. Bd3 Nf6 6. O-O Qc7 7. Nc3 d6 8. f4
g6 9. Kh1 Bg7 10. Nf3 Nbd7 11. Qe2 O-O 12. Bd2 b6 13. Rae1 Bb7 14. Qf2 Rae8 15.
Qh4 b5 16. e5 dxe5 17. fxe5 Nh5 18. g4 Nxe5 19. Rxe5 Qxe5 20. gxh5 Qxh5 21.
Qxh5 gxh5 22. Ne4 f5 23. Nd6 Bxf3+ 24. Rxf3 Rd8 25. Nb7 Rd5 26. Bb4 Rf7 27. Na5
Bxb2 28. Nc6 Kh8 29. c4 bxc4 30. Bxc4 Rd1+ 31. Kg2 Rc7 32. Na5 Rg7+ 33. Kf2
Bd4+ 34. Ke2 Rb1 35. Nb3 Rg2+ 36. Kd3 Rd1+ 37. Bd2 Bf6 38. Kc2 Rh1 39. h3 Bg5
40. Bxe6 Rhh2 41. Rd3 f4 42. Nd4 Bf6 43. Nf3 Rh1 44. Rb3 Rf2 45. Rb8+ Kg7 46.
Rg8+ Kh6 47. Bd5 Rxh3 48. Kd3 Bg5 49. Bb4 Rhxf3+ 50. Bxf3 Rxf3+ 51. Ke4 Re3+
52. Kf5 Be7 53. Bd2 Bc5 54. Rc8 Bd4 55. Bxe3 fxe3 56. Rc4 Bb2 57. Rc6+ Kg7 58.
Kf4 Bd4 59. Kf3 a5 60. Rd6 Bc5 61. Rd5 Bb6 62. Rd7+ Kg8 63. Rd6 Bc5 64. Rd5 Bb6
65. Rxh5 Kg7 66. Rb5 Bd4 67. Rd5 Bb6 68. Rd7+ Kf8 69. Rxh7 Ke8 70. Rb7 Bd4 71.
Rb5 Ke7 72. Rxa5 Kd6 73. Rb5 Kc6 74. a4 Bc5 75. Ke2 Bd4 76. Kd3 Bc5 77. Rb2 Ba7
78. Kc4 Bb6 79. Rg2 Kb7 80. Kb5 Bd4 81. Rg4 Bc3 82. Re4 Bf6 83. Rxe3 Bg5 84.
Rh3 Bf4 85. Rh7+ Ka8 86. Ka6 Be5 87. Ra7+ Kb8 88. Re7 Bd4 89. Re8+ Kc7 90. Re4
Bf2 91. Rb4 Be3 92. Rb5 Bf2 93. Rb3 Bg1 94. Rb7+ Kc8 95. Rb5 Kc7 96. Ka5 Bf2
97. Kb4 Be3 98. Kc4 Bf2 99. a5 Be3 100. a6 Bf2 101. Kd5 Be3 102. Rb7+ Kc8 103.
Kc6 1-0

[Event "Bucharest2"]
[Site "Bucharest"]
[Date "2000.??.??"]
[Round "3"]
[White "Osman, Mihai"]
[Black "Florescu, Codrut-Constantin"]
[Result "0-1"]
[WhiteElo "2201"]
[BlackElo "2381"]
[PlyCount "79"]
[EventDate "2000.??.??"]
[EventType "tourn"]
[EventRounds "11"]
[EventCountry "ROM"]
[EventCategory "2"]
[Source "ChessBase"]
[SourceDate "2001.11.25"]

1. e4 c5 2. Nf3 e6 3. d3 Nc6 4. g3 d5 5. Nbd2 Bd6 6. Bg2 Nge7 7. O-O Bc7 8. a4
Rb8 9. Re1 O-O 10. c3 d4 11. cxd4 cxd4 12. e5 Ng6 13. Nc4 a6 14. Bg5 f6 15.
exf6 gxf6 16. Bh6 Rf7 17. h4 Nge7 18. h5 Nf5 19. Bc1 Rg7 20. Nh2 Kh8 21. Ng4 e5
22. Nh6 Nce7 23. Kh2 b5 24. axb5 axb5 25. Nxf5 Bxf5 26. Na3 Qd7 27. Bh6 Rgg8
28. Qe2 Bg4 29. Bf3 Qf5 30. Bxg4 Rxg4 31. Kg2 Qxh5 32. Qf3 Nf5 33. Rh1 Qg6 34.
Qc6 Rg8 35. Qxc7 Nxg3 36. fxg3 Rxg3+ 37. Kf2 Rg2+ 38. Ke1 Qg3+ 39. Kd1 Qf3+ 40.
Kc1 0-1

[Event "Bucharest2"]
[Site "Bucharest"]
[Date "2000.??.??"]
[Round "4"]
[White "Florescu, Codrut-Constantin"]
[Black "Tikhomirov, Serghei"]
[Result "0-1"]
[WhiteElo "2381"]
[BlackElo "2265"]
[PlyCount "112"]
[EventDate "2000.??.??"]
[EventType "tourn"]
[EventRounds "11"]
[EventCountry "ROM"]
[EventCategory "2"]
[Source "ChessBase"]
[SourceDate "2001.11.25"]

1. e4 e5 2. Nf3 Nc6 3. d4 exd4 4. Nxd4 Bc5 5. Nxc6 Qf6 6. Qf3 Qxf3 7. gxf3 bxc6
8. Rg1 g6 9. Bf4 d6 10. Nd2 Bd4 11. c3 Bg7 12. O-O-O Nf6 13. Nc4 a5 14. Bg5 Nh5
15. Be3 O-O 16. f4 f5 17. Be2 fxe4 18. Bxh5 gxh5 19. Rg5 h6 20. Rxa5 Be6 21.
Rxa8 Rxa8 22. Nd2 Rxa2 23. Nxe4 Kf7 24. f3 c5 25. Kc2 Bf8 26. Rg1 Ra5 27. h4
Be7 28. Rh1 c4 29. Ng3 Rd5 30. f5 Bxf5+ 31. Nxf5 Rxf5 32. Rh3 Rf6 33. Kd2 Rg6
34. Rh2 Ke6 35. Ke2 Kf5 36. Kf2 d5 37. Rh1 Ra6 38. Rd1 Bxh4+ 39. Ke2 c6 40. Rh1
Bg5 41. f4 Bf6 42. Rxh5+ Kg6 43. Rh2 Ra8 44. Kf3 Rh8 45. f5+ Kxf5 46. Rxh6 Rxh6
47. Bxh6 Bg5 48. Bf8 Bc1 49. Ba3 Ke5 50. Ke2 Ke4 51. Kd1 Be3 52. Kc2 c5 53. b3
cxb3+ 54. Kxb3 Kd3 55. Kb2 Bf2 56. Kb3 c4+ 0-1

[Event "Bucharest2"]
[Site "Bucharest"]
[Date "2000.??.??"]
[Round "5"]
[White "Brajovic, Radovan"]
[Black "Florescu, Codrut-Constantin"]
[Result "0-1"]
[WhiteElo "2263"]
[BlackElo "2381"]
[PlyCount "75"]
[EventDate "2000.??.??"]
[EventType "tourn"]
[EventRounds "11"]
[EventCountry "ROM"]
[EventCategory "2"]
[Source "ChessBase"]
[SourceDate "2001.11.25"]

1. e4 c5 2. Nf3 e6 3. d4 cxd4 4. Nxd4 Nf6 5. Nc3 d6 6. Be3 a6 7. g4 b5 8. g5
Nfd7 9. f4 Bb7 10. Bg2 Nb6 11. O-O b4 12. Nce2 N8d7 13. b3 Nc5 14. Ng3 d5 15.
e5 g6 16. a3 bxa3 17. Bc1 Qd7 18. Bxa3 Rd8 19. Qe1 Be7 20. Qe3 O-O 21. Nh1 Ne4
22. Bxe7 Qxe7 23. Nf2 Nxf2 24. Rxf2 Qc5 25. Rd1 a5 26. Qh3 a4 27. bxa4 Nxa4 28.
f5 exf5 29. Qb3 Nb6 30. Rf4 Bc8 31. Kh1 Nc4 32. Rh4 Nxe5 33. Qe3 Rfe8 34. h3
Qf8 35. Rh6 Qg7 36. Qf4 Nc4 37. Nc6 Rd6 38. Bxd5 0-1

[Event "Bucharest2"]
[Site "Bucharest"]
[Date "2000.??.??"]
[Round "6"]
[White "Florescu, Codrut-Constantin"]
[Black "Tugui, Adrian"]
[Result "1/2-1/2"]
[WhiteElo "2381"]
[BlackElo "2314"]
[PlyCount "68"]
[EventDate "2000.??.??"]
[EventType "tourn"]
[EventRounds "11"]
[EventCountry "ROM"]
[EventCategory "2"]
[Source "ChessBase"]
[SourceDate "2001.11.25"]

1. d4 Nf6 2. c4 c5 3. d5 e6 4. Nc3 exd5 5. cxd5 d6 6. e4 g6 7. Nf3 Bg7 8. Be2
O-O 9. O-O a6 10. a4 Re8 11. Qc2 Bg4 12. Bf4 Bxf3 13. Bxf3 Qe7 14. Qb3 Nbd7 15.
Qxb7 Reb8 16. Qc6 Ne5 17. Bxe5 Qxe5 18. a5 Qf4 19. Rae1 Rc8 20. Qa4 Rab8 21.
Qc4 Nd7 22. Be2 Ne5 23. Qxa6 Ra8 24. Qb5 Rcb8 25. Qa4 Rxb2 26. a6 Nf3+ 27. Bxf3
Be5 28. g3 Qxf3 29. Re3 Qf6 30. Nb5 Qd8 31. Nc3 Qb6 32. Ra1 Rb3 33. Qc6 Ra7 34.
Ra4 Bxc3 1/2-1/2